[Event "NED-ch 1994"]
[Site "Amsterdam"]
[Date "1994.??.??"]
[Round "6"]
[White "Van Wely, Loek"]
[Black "Cifuentes Parada, Roberto"]
[Result "1-0"]
[WhiteElo "2570"]
[BlackElo "2500"]
[Annotator "Ribli"]
[PlyCount "157"]
[EventDate "1994.06.??"]
[Source "ChessBase"]
[SourceDate "2004.01.01"]

1. c4 c5 2. Nc3 Nf6 3. Nf3 e6 4. d4 cxd4 5. Nxd4 Bb4 6. Qb3 (6. Ndb5 O-O 7. a3
Bxc3+ 8. Nxc3 d5 9. cxd5 (9. Bg5 $5) 9... exd5 10. e3 Nc6 11. Be2 Bf5 12. O-O
d4 $10 {Polgar,Zsu-Adgestein,S/Groningen PCA/1993/CBM39/}) 6... Na6 (6... Bc5
$5 7. Be3 (7. e3 $5) 7... b6 8. Nc2 Na6 9. Rd1 O-O 10. Bd4 Bb7 11. e3 Be7 $13 {
Ljubojevic,Lj-Gligoric,S/Beograd m/1979/}) 7. a3 (7. Bd2 O-O 8. e3 b6 9. Be2
Bb7 10. O-O Be7 $10 {Pomar Salamanca,A-Jansson/Skopje ol/1972/}) 7... Be7 8. g3
O-O 9. Bg2 Nc5 10. Qc2 d5 (10... d6 $5) 11. cxd5 Nxd5 (11... exd5 $14) 12. Nxd5
exd5 13. O-O Bg4 (13... Ne6 14. Be3 Bf6 15. Rfd1 $16) 14. Nf5 (14. h3 Bh5 15.
Qf5 Bg6 16. Qxd5 Qxd5 17. Bxd5 Rad8 18. e4 Nxe4 19. Bxe4 Bxe4 20. Be3 Bf6 $15)
(14. Be3 Rc8 15. Nf5 $14 Ne4 $4 16. Qxc8 $18) 14... d4 15. Nxe7+ Qxe7 16. b4
Nd7 (16... Ne6 17. Qe4 Bh5 18. g4 Bg6 19. Qxb7 $16) 17. Bxb7 Rab8 (17... Bxe2
18. Re1 d3 19. Qxd3 Bxd3 20. Rxe7 $18) 18. Ba6 $1 Ne5 $6 (18... Rb6 $5) 19. Bf4
$1 Rb6 20. Bxe5 Qxe5 (20... Rxa6 21. Bxd4 $16) 21. Bd3 h5 (21... Rh6 22. Qc5
Qxc5 23. bxc5 Rc8 24. Rfc1 Rhc6 25. Rc4 Rxc5 26. Rxd4 Bh3 27. f3 $16) 22. Rac1
Re8 23. Qa4 Rbe6 (23... Bxe2 24. Rfe1 $18) 24. Qxa7 h4 (24... Bxe2 25. Bxe2
Qxe2 26. Qxd4 $18) 25. Rc5 Qf6 26. Rd5 Bh3 27. Qxd4 $1 (27. Re1 $2 Qf3 $1 $19)
27... Bxf1 28. Qxf6 gxf6 29. Kxf1 Ra8 (29... hxg3 30. a4 $1 gxh2 31. Kg2 $18)
30. g4 $1 Rxa3 31. f3 $1 Kg7 32. Kg2 Ra4 33. b5 Re5 34. Rd7 f5 35. gxf5 Rb4 36.
Rd6 Re8 37. Kh3 f6 38. Rd7+ Kh6 39. Rf7 Kg5 40. Rg7+ Kh5 41. Rg6 Rd8 42. Rxf6
Rxd3 43. exd3 Rxb5 44. Re6 Rxf5 45. Re3 Rf4 46. Kg2 Rd4 47. Kf2 Kg5 48. Ke1 (
48. Re5+ Kf6 49. Re4 Rxd3 50. Rxh4 $10) 48... Ra4 49. Re5+ Kf6 50. Re2 (50. Re4
Ra1+ 51. Kf2 Ra2+ 52. Re2 $18) 50... Kf5 51. Kf2 Ra1 52. Ke3 Rb1 53. Rd2 $1
Re1+ 54. Kf2 Rh1 55. Kg2 Ra1 56. d4 Kf4 57. Re2 (57. d5 $2 Ke3 58. Rb2 Rd1 59.
Rb5 Rd2+ 60. Kh3 Kxf3 61. Kxh4 Kf4 62. h3 Rd3 $10) 57... h3+ 58. Kf2 $1 Rd1 59.
Re4+ Kf5 60. Kg3 Rd3 61. Rh4 Kg5 62. Rf4 Ra3 63. Rf7 Rd3 64. Rd7 Kf6 65. d5 Kf5
66. Rd8 Kf6 67. d6 Kf5 68. Kh4 Kf6 69. Kg4 Kf7 70. Kf4 Rd2 71. Kg3 Rd3 72. Kg4
Kf6 73. f4 Kf7 74. d7 Ke7 75. Rh8 Kxd7 76. Rxh3 Rd2 77. Re3 Rxh2 78. f5 Rh8 79.
Kg5 1-0

[Event "NED-ch 1994"]
[Site "Amsterdam"]
[Date "1994.??.??"]
[Round "7"]
[White "Nijboer, Friso"]
[Black "Hoeksema, Erik"]
[Result "1/2-1/2"]
[WhiteElo "2530"]
[BlackElo "2405"]
[PlyCount "51"]
[EventDate "1994.06.??"]
[Source "ChessBase"]
[SourceDate "2004.01.01"]

1. e4 c5 2. Nf3 d6 3. d4 cxd4 4. Nxd4 Nf6 5. Nc3 Nc6 6. Bc4 Qb6 7. Nb3 e6 8.
Bf4 Ne5 9. Be2 a6 10. Be3 Qc7 11. f4 Nc6 12. a4 b6 13. O-O Bb7 14. Bf3 g6 15.
Qd2 Bg7 16. Rad1 Rd8 17. e5 dxe5 18. Bxc6+ Bxc6 19. Qxd8+ Qxd8 20. Rxd8+ Kxd8
21. Bxb6+ Ke8 22. Na5 Ba8 23. fxe5 Nd7 24. Nc4 Nxb6 25. Nd6+ Kd8 26. Nxf7+
1/2-1/2

[Event "NED-ch 1994"]
[Site "Amsterdam"]
[Date "1994.??.??"]
[Round "7"]
[White "Van der Sterren, Paul"]
[Black "Van Gisbergen, Stan"]
[Result "1/2-1/2"]
[WhiteElo "2605"]
[BlackElo "2365"]
[PlyCount "84"]
[EventDate "1994.06.??"]
[Source "ChessBase"]
[SourceDate "2004.01.01"]

1. d4 Nf6 2. c4 e6 3. Nf3 b6 4. g3 Ba6 5. Nbd2 Bb7 6. Bg2 Be7 7. O-O O-O 8. Qc2
d5 9. cxd5 exd5 10. Ne5 c5 11. dxc5 Bxc5 12. Nd3 Be7 13. Nf3 Nbd7 14. Be3 Rc8
15. Qa4 a5 16. Rac1 Nc5 17. Nxc5 bxc5 18. Bh3 Bc6 19. Qa3 c4 20. Qc3 Ne4 21.
Qc2 Bd7 22. Bg2 Qc7 23. Nd2 Nxd2 24. Qxd2 Be6 25. Bd4 Bc5 26. Rfd1 Qb6 27. Qc3
Bxd4 28. Rxd4 Rc5 29. Rcd1 Qb5 30. R1d2 h6 31. h4 Rb8 32. e4 dxe4 33. Rd8+ Rxd8
34. Rxd8+ Kh7 35. Bxe4+ f5 36. Bf3 Bd5 37. a4 Qxa4 38. Bxd5 Qd1+ 39. Kg2 Rxd5
40. Re8 Qd3 41. Re1 Rb5 42. Qe5 Qd5+ 1/2-1/2

[Event "NED-ch 1994"]
[Site "Amsterdam"]
[Date "1994.??.??"]
[Round "8"]
[White "Cifuentes Parada, Roberto"]
[Black "Van der Werf, Mark"]
[Result "1/2-1/2"]
[WhiteElo "2500"]
[BlackElo "2430"]
[PlyCount "30"]
[EventDate "1994.06.??"]
[Source "ChessBase"]
[SourceDate "2004.01.01"]

1. d4 d5 2. c4 c6 3. Nf3 e6 4. Qc2 Nf6 5. g3 dxc4 6. Qxc4 b5 7. Qc2 Bb7 8. Bg2
Nbd7 9. Nc3 c5 10. dxc5 Bxc5 11. O-O Rc8 12. a3 O-O 13. Qd3 a6 14. Bf4 Qe7 15.
Nd2 Bxg2 1/2-1/2

[Event "NED-ch 1994"]
[Site "Amsterdam"]
[Date "1994.??.??"]
[Round "8"]
[White "Hoeksema, Erik"]
[Black "Van der Sterren, Paul"]
[Result "1/2-1/2"]
[WhiteElo "2405"]
[BlackElo "2605"]
[PlyCount "96"]
[EventDate "1994.06.??"]
[Source "ChessBase"]
[SourceDate "2004.01.01"]

1. d4 Nf6 2. c4 e6 3. Nf3 d5 4. Nc3 Be7 5. Bg5 h6 6. Bh4 O-O 7. e3 b6 8. Be2
Bb7 9. Bxf6 Bxf6 10. cxd5 exd5 11. b4 c6 12. O-O a5 13. a3 Nd7 14. Qb3 Re8 15.
Bd3 axb4 16. axb4 Nf8 17. Na4 Ne6 18. Rac1 b5 19. Nb2 Qd6 20. Bb1 Nf8 21. Nd3
Nd7 22. Qc2 g6 23. h4 h5 24. Rce1 Bc8 25. Rc1 Ra6 26. Rfe1 Nb8 27. Nc5 Ra7 28.
e4 Qd8 29. e5 Bxh4 30. e6 f5 31. Qd2 Be7 32. Qh6 Bxc5 33. e7 Qd6 34. bxc5 Qf6
35. Nh4 Kf7 36. Nf3 Kg8 37. Nh4 Kf7 38. Nf3 Raxe7 39. Rxe7+ Rxe7 40. Ne5+ Kg8
41. Nxg6 Rh7 42. Qf4 Qxg6 43. Qxb8 Qe6 44. Rc3 Rb7 45. Rg3+ Kf8 46. Qf4 Rg7 47.
Re3 Qg6 48. Rg3 Qe6 1/2-1/2

[Event "NED-ch 1994"]
[Site "Amsterdam"]
[Date "1994.??.??"]
[Round "8"]
[White "Piket, Jeroen"]
[Black "Bosch, Jeroen"]
[Result "1/2-1/2"]
[WhiteElo "2605"]
[BlackElo "2370"]
[PlyCount "85"]
[EventDate "1994.06.??"]
[Source "ChessBase"]
[SourceDate "2004.01.01"]

1. d4 d5 2. Nf3 Nf6 3. c4 c6 4. Nc3 a6 5. e3 b5 6. c5 Bg4 7. h3 Bxf3 8. gxf3 e6
9. f4 Nbd7 10. Bd3 g6 11. Bd2 Bg7 12. b4 Ng8 13. a4 Ne7 14. Ne2 Nf5 15. Nc1 O-O
16. Nb3 Qh4 17. Qf3 Qe7 18. Kd1 Nf6 19. Rg1 Nh4 20. Qe2 Qd7 21. Kc2 Rfb8 22.
Ra3 Ne8 23. Rga1 Nc7 24. axb5 axb5 25. Qd1 Nf5 26. Rxa8 Rxa8 27. Rxa8+ Nxa8 28.
Qa1 Qb7 29. Qa5 Bf6 30. f3 Kf8 31. Qa1 Nc7 32. e4 Nh4 33. Be2 Ke8 34. Kd3 Kd7
35. Be1 Qa8 36. Na5 Na6 37. Qa3 Bd8 38. Nb3 Ng2 39. Bd2 Bc7 40. e5 Nh4 41. Kc3
Nf5 42. Bd3 Bd8 43. Nc1 1/2-1/2

[Event "NED-ch 1994"]
[Site "Amsterdam"]
[Date "1994.??.??"]
[Round "8"]
[White "Sokolov, Ivan"]
[Black "Van Gisbergen, Stan"]
[Result "1-0"]
[WhiteElo "2650"]
[BlackElo "2365"]
[PlyCount "51"]
[EventDate "1994.06.??"]
[Source "ChessBase"]
[SourceDate "2004.01.01"]

1. d4 Nf6 2. c4 e6 3. Nc3 Bb4 4. Qc2 c5 5. dxc5 O-O 6. a3 Bxc5 7. Nf3 Qb6 8. e3
Be7 9. b3 d6 10. Bb2 Nbd7 11. Be2 a6 12. O-O Qc7 13. Nd4 b6 14. g4 Bb7 15. g5
Ne8 16. f4 g6 17. Bf3 Ng7 18. Qg2 Nc5 19. Bxb7 Qxb7 20. Qxb7 Nxb7 21. Nc6 Rfe8
22. Ne4 Nc5 23. Nxe7+ Rxe7 24. Nf6+ Kh8 25. Rad1 Rd8 26. Rf3 1-0

[Event "NED-ch 1994"]
[Site "Amsterdam"]
[Date "1994.??.??"]
[Round "8"]
[White "Sosonko, Gennadi"]
[Black "Nijboer, Friso"]
[Result "1/2-1/2"]
[WhiteElo "2525"]
[BlackElo "2530"]
[Annotator "Knaak"]
[PlyCount "104"]
[EventDate "1994.06.??"]
[Source "ChessBase"]
[SourceDate "2004.01.01"]

1. d4 Nf6 2. c4 g6 3. Nc3 Bg7 4. e4 d6 5. Be2 O-O 6. Nf3 e5 7. O-O Nc6 8. d5
Ne7 9. Ne1 Ne8 10. f4 $5 $146 exf4 (10... f5 $6 11. fxe5 $14) 11. Bxf4 h6 $1 (
11... f5 12. Qd2 fxe4 13. Nxe4 {>< g5, e6}) 12. Nc2 (12. Qd2 g5 $1 (12... Kh7
13. Nf3 f5 14. e5 g5 $6 15. Bxg5 hxg5 16. Nxg5+ Kg8 17. e6 $16) 13. Be3 f5 14.
Bd4 $6 f4 $15) (12. Nf3 g5 $1 (12... f5 13. e5 g5 14. exd6 $14) 13. Bd2 f5 14.
exf5 Nxf5 $10) (12. h4 $5) 12... f5 13. exf5 g5 14. Bd2 Nxf5 15. Bd3 Qe7 16.
Rf2 Nd4 17. Qe1 Qxe1+ 18. Rxe1 Bf5 19. Bxf5 Rxf5 20. Nxd4 (20. Rxf5 Nxf5 21. g4
Nh4 22. Kf2 Nf6 $36) 20... Bxd4 21. Be3 Rxf2 22. Bxf2 Bxc3 23. bxc3 Kf7 24. Bd4
(24. Re6 Nf6 25. Bd4 Ng8 $13) 24... c5 25. Bf2 $6 (25. dxc6 bxc6 26. c5 d5 27.
Rb1 Rc8 $10) 25... Nf6 $1 26. Bg3 Re8 $1 27. Rb1 Ne4 $5 (27... b6 28. Bxd6 Ne4
29. Bg3 Nxc3 $13) 28. Rxb7+ Re7 29. Rxe7+ Kxe7 30. Be1 h5 31. Kf1 Kf6 32. Ke2
Kf5 33. Kf3 a5 (33... g4+) 34. h3 h4 35. a3 a4 36. Ke3 Ke5 37. Kf3 Kf5 38. Ke3
Nf6 39. Kf3 Nd7 40. g4+ Kf6 41. Ke4 Ne5 42. Bd2 Nxc4 43. Bc1 Kg6 44. Kd3 Ne5+
45. Ke3 Nd7 46. Bb2 c4 47. Bc1 Nc5 48. Kf3 Nd3 49. Be3 Ne1+ 50. Ke2 Nc2 51. Bc1
Na1 52. Bd2 Nc2 1/2-1/2

[Event "NED-ch 1994"]
[Site "Amsterdam"]
[Date "1994.??.??"]
[Round "8"]
[White "Van Wely, Loek"]
[Black "Van der Wiel, John"]
[Result "1/2-1/2"]
[WhiteElo "2570"]
[BlackElo "2570"]
[PlyCount "82"]
[EventDate "1994.06.??"]
[Source "ChessBase"]
[SourceDate "2004.01.01"]

1. d4 Nf6 2. c4 e6 3. Nf3 b6 4. Nc3 Bb7 5. a3 Ne4 6. Bd2 d5 7. e3 Nd7 8. Bd3
Bd6 9. cxd5 exd5 10. b4 O-O 11. Qc2 Qe7 12. Nb5 Rfc8 13. Nxd6 cxd6 14. Qb2 a6
15. b5 axb5 16. Bxb5 Qe6 17. O-O Ba6 18. Bxa6 Rxa6 19. Bb4 b5 20. Bd2 Rb6 21.
Ba5 Rbb8 22. Rfb1 Qe8 23. Ne1 Rc4 24. Nd3 h6 25. f3 Nc3 26. Re1 Rbc8 27. Qf2
Nf6 28. Bb4 R4c6 29. g4 Qd7 30. Qg3 Na4 31. h4 Nb6 32. Nf4 Nh7 33. Re2 Rc2 34.
Rae1 Rxe2 35. Rxe2 Rc1+ 36. Kh2 Qc6 37. g5 hxg5 38. hxg5 g6 39. Qg2 Qd7 40. Nd3
Rc6 41. Nf2 Qf5 1/2-1/2

[Event "NED-ch 1994"]
[Site "Amsterdam"]
[Date "1994.??.??"]
[Round "9"]
[White "Nijboer, Friso"]
[Black "Piket, Jeroen"]
[Result "0-1"]
[WhiteElo "2530"]
[BlackElo "2605"]
[Annotator "Ftacnik"]
[PlyCount "62"]
[EventDate "1994.06.??"]
[Source "ChessBase"]
[SourceDate "2004.01.01"]

1. e4 e5 2. Nf3 Nf6 3. Nc3 Bb4 4. Nxe5 O-O 5. Be2 (5. Nd3 Bxc3 6. dxc3 Nxe4 7.
Be3 d5 8. Qf3 $13) (5. d3 d5 $1) 5... Re8 6. Nd3 Bxc3 7. dxc3 Nxe4 8. Nf4 d6 9.
O-O Nd7 10. c4 Ndf6 11. f3 Nc5 12. b3 Qe7 13. Rf2 Qe5 14. Rb1 Bd7 15. Bf1 Ne6
16. Nd3 Qh5 17. Bb2 (17. Nb4 $2 Ne4 $1 18. Re2 Nc3 $19) 17... a5 18. Qd2 Bc6
19. Bxf6 $6 (19. Re1 $13) 19... gxf6 20. Qc3 Qh6 21. Re1 b6 22. f4 f5 23. Re3
Nf8 24. Rfe2 Re6 25. Rg3+ Ng6 26. Rg5 (26. Rxe6 fxe6 27. Qf6 Re8 28. Be2 Qg7 $1
$15) 26... Rae8 27. Qd2 $2 (27. Rxe6 fxe6 28. c5 $5 bxc5 (28... dxc5 29. Ne5
$40) 29. Qxa5 $13) 27... Qg7 28. Rxf5 $4 (28. c3 $15) 28... Rxe2 29. Bxe2 Qd4+
30. Kf1 Bxg2+ 31. Kxg2 Nh4+ 0-1

[Event "NED-ch 1994"]
[Site "Amsterdam"]
[Date "1994.??.??"]
[Round "9"]
[White "Van Gisbergen, Stan"]
[Black "Hoeksema, Erik"]
[Result "1/2-1/2"]
[WhiteElo "2365"]
[BlackElo "2405"]
[PlyCount "95"]
[EventDate "1994.06.??"]
[Source "ChessBase"]
[SourceDate "2004.01.01"]

1. d4 Nf6 2. c4 e6 3. Nf3 b6 4. g3 Bb4+ 5. Bd2 Be7 6. Bg2 Bb7 7. Nc3 c6 8. e4
d5 9. exd5 exd5 10. cxd5 Nxd5 11. Nxd5 cxd5 12. O-O Nc6 13. Bf4 O-O 14. Ne5
Nxe5 15. Bxe5 Qd7 16. Qh5 f6 17. Bf4 g6 18. Qf3 Rac8 19. Rac1 Rxc1 20. Rxc1 Rc8
21. Re1 Bb4 22. Re2 Kg7 23. a3 Bf8 24. h4 Re8 25. Rc2 Rc8 26. Rxc8 Qxc8 27. Qe3
Kf7 28. Kh2 Qe6 29. Qxe6+ Kxe6 30. Bh3+ f5 31. Be5 Bh6 32. f4 Ba6 33. g4 Bd3
34. Kg3 Bf8 35. Kf2 Be7 36. g5 b5 37. Ke3 Bc4 38. Bb8 a5 39. Ba7 Bd6 40. Bc5
Bc7 41. Bg2 a4 42. Bf3 Ba5 43. h5 Be1 44. h6 Kf7 45. Bd1 Ke6 46. Bb4 Bxb4 47.
axb4 Kf7 48. Bc2 1/2-1/2

[Event "NED-ch 1994"]
[Site "Amsterdam"]
[Date "1994.??.??"]
[Round "9"]
[White "Van der Sterren, Paul"]
[Black "Sosonko, Gennadi"]
[Result "1-0"]
[WhiteElo "2605"]
[BlackElo "2525"]
[PlyCount "77"]
[EventDate "1994.06.??"]
[Source "ChessBase"]
[SourceDate "2004.01.01"]

1. d4 Nf6 2. c4 e6 3. Nf3 d5 4. Nc3 c5 5. cxd5 cxd4 6. Qxd4 Nxd5 7. e4 Nxc3 8.
Qxc3 Nc6 9. Bb5 Bd7 10. O-O Qb6 11. a4 Qc5 12. Bd2 Qxc3 13. Bxc3 a6 14. Be2 f6
15. e5 Bb4 16. Bxb4 Nxb4 17. Rac1 Ke7 18. Rc4 a5 19. Rd1 Rac8 20. Rg4 Rhg8 21.
b3 Bc6 22. Rh4 Rh8 23. exf6+ gxf6 24. Nd4 Bd5 25. Bc4 Bxc4 26. bxc4 Na6 27. g3
Nc5 28. Rb1 Rc7 29. Rb5 h5 30. Rxa5 f5 31. Ne2 Nd3 32. Rb5 Kf6 33. Rb6 Ne5 34.
Nf4 Nf3+ 35. Kf1 Nxh4 36. Nd5+ Kf7 37. Nxc7 Nf3 38. Nxe6 Re8 39. Nf4 1-0

[Event "NED-ch 1994"]
[Site "Amsterdam"]
[Date "1994.??.??"]
[Round "9"]
[White "Van der Wiel, John"]
[Black "Cifuentes Parada, Roberto"]
[Result "1/2-1/2"]
[WhiteElo "2570"]
[BlackElo "2500"]
[PlyCount "27"]
[EventDate "1994.06.??"]
[Source "ChessBase"]
[SourceDate "2004.01.01"]

1. e4 e5 2. Nf3 d6 3. d4 Nf6 4. dxe5 Nxe4 5. Qd5 Nc5 6. Bg5 Be7 7. exd6 Qxd6 8.
Nc3 h6 9. Bxe7 Qxe7+ 10. Qe5 Qxe5+ 11. Nxe5 Nbd7 12. Nc4 Nf6 13. O-O-O O-O 14.
f3 1/2-1/2

[Event "NED-ch 1994"]
[Site "Amsterdam"]
[Date "1994.??.??"]
[Round "10"]
[White "Cifuentes Parada, Roberto"]
[Black "Bosch, Jeroen"]
[Result "1-0"]
[WhiteElo "2500"]
[BlackElo "2370"]
[Annotator "Ribli"]
[PlyCount "183"]
[EventDate "1994.06.??"]
[Source "ChessBase"]
[SourceDate "2004.01.01"]

1. c4 c6 2. e4 e5 3. Nf3 d6 4. d4 Nd7 5. Nc3 Ngf6 6. Be2 Be7 7. O-O O-O 8. Qc2
Qc7 9. Rd1 a6 10. Be3 (10. Bg5 $5 Re8 11. Rac1 b6 12. Bh4 Bb7 13. c5 $1 $14 {
Yusupov,A-Christiansen,L/GER-CupT/1993/EXP35/}) 10... Re8 (10... Ng4 $6 11. Bd2
d5 $2 12. cxd5 exd4 13. dxc6 dxc3 14. cxd7 Bxd7 15. Bxc3 $18 {
Sosonko,G-Larsen,B/Tilburg/1982/}) 11. Rac1 Ng4 12. Bd2 exd4 13. Nxd4 Nc5 (
13... Nge5 $5) 14. h3 Bf6 (14... Nf6 15. b4 Ne6 16. Nf5 $14) 15. Nb3 $1 (15.
Nxc6 $2 Nxf2 16. Nd5 Qxc6 17. Nxf6+ gxf6 18. Kxf2 Nxe4+ $17) 15... Nxb3 16.
axb3 Ne5 17. Be3 Ng6 18. Qd2 Bxc3 (18... Rd8 19. f4 $14 (19. Na4 $5 $14)) 19.
Rxc3 Rxe4 20. Qxd6 Qxd6 21. Rxd6 $14 Re8 22. f4 f5 (22... Bf5 23. g4 Be4 24. f5
$14) 23. Kf2 Be6 24. Rcd3 Nf8 25. Bc5 Kf7 26. Bh5+ g6 27. Bf3 Re7 28. R6d4 Rd7
29. Bd6 h5 30. Ke3 Nh7 31. Be5 Nf8 32. b4 Rxd4 33. Rxd4 Nd7 34. b3 Re8 35. Rd6
Rc8 36. Rd1 Ke7 37. Bd6+ Kf7 38. Ra1 Re8 39. Kd4 Rd8 40. Bc7 Rc8 41. Bd6 Rd8
42. Bc7 Rc8 43. Be5 Rd8 44. Ke3 Nf8 (44... Nxe5 $5 45. fxe5 h4 $13) 45. Ra5 Rd7
46. Bd4 Nh7 47. h4 Nf8 48. Ra1 Nh7 49. Rd1 Nf8 50. Kd3 $1 Rd8 51. Kc3 Rd7 52.
Ra1 Rc7 53. Be5 Rd7 54. Ra5 Rd8 55. b5 axb5 56. cxb5 Bd5 57. bxc6 Bxc6 58. Bxc6
Rc8 59. Rb5 (59. Ra7 Rxc6+ 60. Kb2 Rb6 61. Bd4 Rb5 62. Kc3 Ne6 $10) 59... Rxc6+
(59... bxc6 $2 60. Rb7+ Ke6 61. Rg7 $16) 60. Kd4 Ne6+ 61. Kd5 Nd8 (61... Nc7+
62. Bxc7 Rxc7 63. b4 $16) 62. Rc5 Ke7 63. b4 Kd7 64. b5 Rxc5+ 65. Kxc5 Ne6+ 66.
Kd5 Nd8 (66... Nc7+ 67. Bxc7 Kxc7 68. Kc5 Kc8 (68... Kd8 69. Kb6 Kc8 70. Ka7
Kc7 71. g3 Kc8 72. b6 $18) 69. Kd6 Kd8 70. b6 Kc8 71. Ke7 Kb8 72. Kd8 Ka8 73.
Kc8 g5 74. fxg5 f4 75. Kd7 $18) 67. Bd6 Ne6 (67... Nf7 68. Bc5 Nd8 69. Ke5 $18)
68. Ke5 Nd4 (68... Nxf4 69. Kxf4 Kxd6 70. Kg5 Kc5 71. Kxg6 Kxb5 72. Kxh5 Kc4
73. Kg5 b5 74. h5 b4 75. h6 b3 76. h7 b2 77. h8=Q b1=Q 78. Qc8+ Kd4 79. Qxf5
$16) 69. Bc5 Nxb5 70. Kf6 Nc3 71. Kxg6 Ke6 72. Kxh5 b5 73. Kg6 Ne2 74. g3 Nxg3
75. h5 Ne2 76. Kg5 Kf7 (76... Nc3 77. h6 Ne4+ 78. Kg6 Nxc5 79. h7 $18) 77. Kxf5
Ng3+ 78. Kg4 Ne4 79. Ba3 Nf2+ 80. Kf5 Nd3 81. Ke4 Nf2+ (81... b4 82. Kxd3 bxa3
83. Kc3 Kg7 84. f5 $18) 82. Kf3 Nd3 83. Ke4 Nf2+ 84. Kf3 Nd3 85. Ke3 Ne1 86.
Bb2 Ng2+ 87. Kf3 Ne1+ 88. Ke4 b4 89. f5 b3 90. h6 Kg8 91. f6 Ng2 92. f7+ 1-0

[Event "NED-ch 1994"]
[Site "Amsterdam"]
[Date "1994.??.??"]
[Round "10"]
[White "Sosonko, Gennadi"]
[Black "Van Gisbergen, Stan"]
[Result "1-0"]
[WhiteElo "2525"]
[BlackElo "2365"]
[PlyCount "70"]
[EventDate "1994.06.??"]
[Source "ChessBase"]
[SourceDate "2004.01.01"]

1. d4 Nf6 2. Nf3 b6 3. g3 e6 4. Bg2 c5 5. c4 d5 6. Nc3 Bb7 7. Ne5 cxd4 8. Qxd4
Bc5 9. Qd1 O-O 10. O-O Nbd7 11. Bf4 Bb4 12. Rc1 Rc8 13. cxd5 Nxe5 14. Bxe5 Bxc3
15. Bxc3 Bxd5 16. Qa4 Bxg2 17. Kxg2 Nd5 18. Bd2 f5 19. Rxc8 Qxc8 20. e4 fxe4
21. Qxe4 Qc6 22. Re1 Re8 23. Bc3 Qd7 24. Be5 Nf6 25. Qh4 Qd5+ 26. Kg1 Nd7 27.
Bc3 e5 28. Qa4 Rf8 29. Qxa7 e4 30. Qc7 e3 31. Rxe3 Qd1+ 32. Re1 Qf3 33. Bd4 Nf6
34. Qxb6 Ne4 35. Qb7 h5 1-0

[Event "NED-ch 1994"]
[Site "Amsterdam"]
[Date "1994.??.??"]
[Round "10"]
[White "Van der Werf, Mark"]
[Black "Van der Wiel, John"]
[Result "0-1"]
[WhiteElo "2430"]
[BlackElo "2570"]
[PlyCount "114"]
[EventDate "1994.06.??"]
[Source "ChessBase"]
[SourceDate "2004.01.01"]

1. Nf3 d5 2. c4 c6 3. e3 Nf6 4. d4 Bf5 5. cxd5 cxd5 6. Qb3 Qc7 7. Bd2 Nc6 8.
Bb5 e6 9. O-O Bd6 10. Bb4 O-O 11. Bxd6 Qxd6 12. Nbd2 Na5 13. Qa4 Qd8 14. Be2 a6
15. Nb3 Nxb3 16. Qxb3 Qe7 17. Rfc1 Rfc8 18. Ne5 Rc7 19. Nd3 Bxd3 20. Bxd3 Rac8
21. Rc3 e5 22. Rac1 exd4 23. Rxc7 Rxc7 24. Rxc7 Qxc7 25. exd4 g6 26. g3 Qc1+
27. Kg2 Qd2 28. a3 Ng4 29. Kf3 Nxh2+ 30. Kg2 Ng4 31. Kf3 Nxf2 32. Be2 Nh3 33.
Qxb7 Ng1+ 34. Kf2 Qxd4+ 35. Kf1 Nxe2 36. Kxe2 a5 37. Qa8+ Kg7 38. Qxa5 Qxb2+
39. Kd3 Qb1+ 40. Kd4 Qe4+ 41. Kc5 Qe5 42. Kc6 Qxg3 43. a4 h5 44. Qxd5 h4 45. a5
h3 46. Qd4+ f6 47. Qd7+ Kh6 48. Qd2+ Kh5 49. Qd5+ f5 50. Kd7 Qg2 51. Qd1+ Kg5
52. Qc1+ f4 53. Qc5+ Kg4 54. Qd6 Qc2 55. Kd8 h2 56. Qd5 f3 57. Qd4+ Kh3 0-1

[Event "NED-ch 1994"]
[Site "Amsterdam"]
[Date "1994.??.??"]
[Round "11"]
[White "Bosch, Jeroen"]
[Black "Van der Werf, Mark"]
[Result "1/2-1/2"]
[WhiteElo "2370"]
[BlackElo "2430"]
[PlyCount "44"]
[EventDate "1994.06.??"]
[Source "ChessBase"]
[SourceDate "2004.01.01"]

1. e4 d6 2. d4 Nf6 3. Nc3 g6 4. Nf3 Bg7 5. Be2 O-O 6. O-O a6 7. Bg5 b5 8. e5 b4
9. exf6 exf6 10. Bd2 bxc3 11. Bxc3 f5 12. Re1 Nd7 13. Ba5 Rb8 14. b3 g5 15. h3
g4 16. hxg4 fxg4 17. Nh2 h5 18. Nf1 Nf6 19. Bd3 Nd5 20. Qd2 Qf6 21. Ng3 Nf4 22.
Ne4 Qh6 1/2-1/2

[Event "NED-ch 1994"]
[Site "Amsterdam"]
[Date "1994.??.??"]
[Round "11"]
[White "Hoeksema, Erik"]
[Black "Sosonko, Gennadi"]
[Result "1/2-1/2"]
[WhiteElo "2405"]
[BlackElo "2525"]
[PlyCount "26"]
[EventDate "1994.06.??"]
[Source "ChessBase"]
[SourceDate "2004.01.01"]

1. e4 c5 2. Nf3 d6 3. d4 cxd4 4. Nxd4 Nf6 5. Nc3 Nc6 6. Bg5 e6 7. Qd2 Be7 8.
O-O-O Nxd4 9. Qxd4 O-O 10. f4 Qa5 11. Bb5 h6 12. Bh4 Rd8 13. e5 dxe5 1/2-1/2

[Event "NED-ch 1994"]
[Site "Amsterdam"]
[Date "1994.??.??"]
[Round "11"]
[White "Nijboer, Friso"]
[Black "Cifuentes Parada, Roberto"]
[Result "0-1"]
[WhiteElo "2530"]
[BlackElo "2500"]
[PlyCount "130"]
[EventDate "1994.06.??"]
[Source "ChessBase"]
[SourceDate "2004.01.01"]

1. e4 e5 2. Nf3 d6 3. d4 Nf6 4. dxe5 Nxe4 5. Qd5 Nc5 6. Bg5 Be7 7. exd6 Qxd6 8.
Nc3 Qxd5 9. Nxd5 Bd6 10. O-O-O Nc6 11. Bb5 Bd7 12. Rhe1+ Ne6 13. c4 Rc8 14. Bf4
a6 15. Bxd6 cxd6 16. Bxc6 Bxc6 17. Kb1 Kf8 18. Nd2 g6 19. Ne4 Rd8 20. Ndc3 Ke7
21. Rd2 h6 22. Nd5+ Kf8 23. g3 Ng5 24. Re3 Nxe4 25. Rxe4 Kg7 26. Red4 Rd7 27.
Nb6 Re7 28. Rxd6 Rhe8 29. Kc2 Re1 30. Nd5 g5 31. Ne3 Be4+ 32. Kb3 Rh1 33. Ng4
Bg6 34. f4 gxf4 35. gxf4 Re4 36. Rf2 b5 37. cxb5 axb5 38. Ne5 Bf5 39. Rg2+ Kh7
40. Rf6 Be6+ 41. Kc3 Bd5 42. Rd2 Rc1+ 43. Kd3 Ree1 44. Ra6 Rf1 45. Kd4 Be6 46.
Nd3 Rc4+ 47. Ke5 Rf3 48. b3 Re3+ 49. Kf6 Rd4 50. Rg2 Rexd3 51. f5 Bc8 52. Ra7
Rd7 53. Rg7+ Kh8 54. Rxf7 R3d6+ 55. Ke5 Rd5+ 56. Ke4 Rxa7 57. Rxa7 Rxf5 58. a4
bxa4 59. bxa4 Rc5 60. a5 Rc6 61. Ra8 Kg7 62. Kd5 Rc2 63. a6 Bh3 64. Re8 Ra2 65.
Re3 Bf5 0-1

[Event "NED-ch 1994"]
[Site "Amsterdam"]
[Date "1994.??.??"]
[Round "11"]
[White "Van Gisbergen, Stan"]
[Black "Piket, Jeroen"]
[Result "1/2-1/2"]
[WhiteElo "2365"]
[BlackElo "2605"]
[PlyCount "35"]
[EventDate "1994.06.??"]
[Source "ChessBase"]
[SourceDate "2004.01.01"]

1. d4 Nf6 2. c4 e6 3. Nf3 d5 4. Nc3 Bb4 5. Bg5 h6 6. Bxf6 Qxf6 7. e3 O-O 8. Rc1
Nd7 9. Qb3 Bxc3+ 10. Qxc3 c6 11. cxd5 exd5 12. Be2 a5 13. a3 Qd6 14. b4 axb4
15. axb4 Nf6 16. O-O Bg4 17. b5 Ra2 18. Bd3 1/2-1/2

[Event "NED-ch 1994"]
[Site "Amsterdam"]
[Date "1994.??.??"]
[Round "11"]
[White "Van der Sterren, Paul"]
[Black "Van Wely, Loek"]
[Result "1-0"]
[WhiteElo "2605"]
[BlackElo "2570"]
[Annotator "Ftacnik"]
[PlyCount "81"]
[EventDate "1994.06.??"]
[Source "ChessBase"]
[SourceDate "2004.01.01"]

1. d4 Nf6 2. c4 e6 3. Nf3 b6 4. g3 Ba6 5. b3 Bb4+ 6. Bd2 Be7 7. Bg2 d5 8. cxd5
exd5 9. O-O O-O 10. Nc3 Bb7 11. Bc1 $5 Na6 $6 (11... Nbd7 $142) 12. Bb2 Qc8 13.
Qc2 Rd8 14. Rac1 h6 15. Rfd1 Qe6 16. e3 $1 Bf8 (16... c5 17. Ne2 g5 $5 (17...
Qe4 18. Qd2 $1 $36)) 17. Ne2 Qe4 18. Ne5 $1 (18. Qd2 Bb4 19. Bc3 Bxc3 20. Nxc3
Qe7 $1 {/\ c5}) 18... Qxc2 19. Rxc2 c5 20. dxc5 Nxc5 (20... bxc5 21. Rcd2 Be7
22. Nc3 Nc7 $14) 21. h4 Bd6 22. Nf4 Rac8 $6 (22... Re8 $1 23. Nf3 Nce4 $1 $14)
23. Bh3 $1 Rc7 24. b4 Na6 25. Rxc7 Nxc7 26. Rc1 Nfe8 27. a3 $16 Ra8 28. Nc6
Bxf4 29. gxf4 Bxc6 $2 (29... a5 30. bxa5 bxa5 31. a4 $16) 30. Rxc6 f6 31. h5
Rd8 32. a4 Rd6 33. Rc1 b5 34. a5 Kf7 35. Bf5 Ne6 36. Rc8 N8c7 37. Bd4 Rd8 (
37... Nxd4 $4 38. Rxc7+ $18) 38. Rxd8 Nxd8 39. Bxa7 Nc6 40. Bc5 Na6 41. Bd7 (
41. Bd7 Ncxb4 42. Bxb4 Nxb4 43. Bxb5 $18) 1-0